000 00510nam a2200169Ia 4500
003 GCL
008 140319s9999 xx 000 0 ara d
040 _aGCL /
_cGCL
082 0 4 _a301.34
_bم ا
100 1 _aحسان ميخائيل اسحق (مترجم)
245 1 0 _aارتقاء المجتمعات الشرقية /
_cحسان ميخائيل اسحق (مترجم)
490 _a100 قصة
_v0
650 0 4 _aالمجتمع
650 0 4 _aالاجتماع
650 0 4 _aالمجتمعات
942 _2ddc
_cBK
999 _c43858
_d43858